000 00393nam a2200133Ia 4500
005 20260326100026.0
008 260326s9999||||xx |||||||||||||| ||und||
100 _aSebastián, Santiago
245 0 _aArquitectura del ProtorRenacimiento en el Mundo hispánico /
_cSantiago Sebastián
260 _bImprenta Departamental
300 _a111 p.
650 _aARQUITECTURA RENACENTISTA
942 _cBK
999 _c6406
_d6406